Nommez les 14 villes (banlieux) se situant sur l'île de Montréal, ne faisant pas parti de Montréal - Statistiques

Statistiques générales
  • Ce quiz a été pris 453 fois
  • Le résultat moyen est 7 sur 14
Statistiques - réponses
Hint Réponse % Correct
Westmount
78%
Dorval
67%
Pointe-Claire
62%
Kirkland
60%
Dollard-des-Ormeaux
54%
Mont-Royal
53%
Beaconsfield
50%
Cote-Saint-Luc
49%
Montréal-Est
46%
Baie d'Urfé
43%
Sainte-Anne-de-Bellevue
43%
Montréal-Ouest
39%
Senneville
38%
Hampstead
36%
Aucun quiz correspondant
Distribution des résultats
% des personnes avec chaque résultat
Percentile par nombre de réponses
Votre historique - résultats
Vous n’avez pas pris ce quiz